000 00943nam a2200229 a 4500
001 BRCA_9076
005 20190320210520.0
008 050917s1734----it-#######---#000-0#lat-#
041 _alat
044 _ait
084 _aCO13
_b.F73 1734
100 1 _aFrancisco de Jesús Maria
_922441
245 1 0 _aCollegii Salmanticensis FF. Discalceatorum B. Mariae de Monte Carmeli Primitivae Observantiae, cursus theologiae moralis
_btomus primus: septem complectens tractatu...
_cper R.P.Fr. Franciscum a Iesu Maria.
260 _aVenetiis
_bApud nicolaum pezzana
_c1734
300 _a317 p. (t.1)
_c36 x 24.5 cm
500 _aSuperiorum permissu, ac Privilegio
500 _aEstado físico: presenta encuadernación en pergamino con presencia del pez de plata
650 1 4 _aÉtica cristiana
_xAutores católicos
_yObras anteriores a 1800
_922442
650 1 4 _aTeología doctrinal
_yObras anteriores a 1800
_922443
902 _aCFM
942 _2lcc
_cB
999 _c8726
_d8726